[Event "V Open I Like Elo"]
[Site "Roma ITA"]
[Date "2009.10.14"]
[Round "4"]
[White "Castelfranchi, Carlo"]
[Black "Sermoneta, Eugenio"]
[Result "1-0"]
[WhiteElo "2115"]
[BlackElo "1748"]
[PlyCount "75"]
[EventDate "2009.09.16"]

1. e4 Nf6 2. e5 Nd5 3. d4 d6 4. Nf3 Bg4 5. Be2 e6 6. O-O Nd7 7. c4 N5b6 8. exd6
cxd6 9. b3 Be7 10. Nc3 O-O 11. h3 Bh5 12. Be3 a6 13. Rc1 Rc8 14. Qd2 Nf6 15.
Rfd1 d5 16. c5 Nbd7 17. b4 Ne4 18. Nxe4 dxe4 19. Ne5 Bxe2 20. Qxe2 Nf6 21. b5
axb5 22. Qxb5 Qd5 23. Nc4 Qc6 24. Rb1 Rfd8 25. Rdc1 Qxb5 26. Rxb5 Nd5 27. Rxb7
Ra8 28. Rc2 f5 29. Nb6 Nxb6 30. cxb6 Bf6 31. Rbc7 h6 32. b7 Rab8 33. a4 Kh7 34.
a5 Bxd4 35. Bxd4 Rxd4 36. a6 Rb4 37. a7 R4xb7 38. Rxb7 1-0

[Event "V Open I Like Elo"]
[Site "Roma ITA"]
[Date "2009.10.14"]
[Round "4"]
[White "Colantonio, Marco"]
[Black "Maggi, Luigi"]
[Result "1/2-1/2"]
[WhiteElo "1679"]
[BlackElo "1889"]
[PlyCount "104"]
[EventDate "2009.09.16"]

1. e4 e6 2. d4 d5 3. Nc3 Bb4 4. a3 Bxc3+ 5. bxc3 dxe4 6. Qg4 Nf6 7. Qxg7 Rg8 8.
Qh6 Nbd7 9. f3 b6 10. Bg5 Bb7 11. Bb5 c6 12. Ba4 exf3 13. Nxf3 Rg6 14. Qh4 h6
15. Bxh6 Rg4 16. Qh3 Re4+ 17. Kf1 Qe7 18. Ng5 Ba6+ 19. Kg1 Re2 20. Bxc6 Rc8 21.
Bf3 Rxc2 22. Bg7 Ng8 23. Ne4 Ndf6 24. Qh8 Nxe4 25. Bxe4 Re2 26. Bf3 Qg5 27. Bh6
Qxh6 28. Qxh6 Nxh6 29. Bxe2 Bxe2 30. Kf2 Bc4 31. h3 Bd5 32. Rhc1 f5 33. a4 Bc4
34. a5 b5 35. Re1 Ke7 36. g3 Kf6 37. Re3 Nf7 38. h4 Nh6 39. Ree1 Bd5 40. Rac1
Ng4+ 41. Ke2 Bc4+ 42. Kd2 Nf2 43. Rg1 Rg8 44. Ke3 Ne4 45. g4 Rh8 46. g5+ Kg6
47. Rh1 Bd5 48. Rh2 Rc8 49. Kd3 Bc4+ 50. Ke3 Bd5 51. Kd3 a6 52. Rcc2 Bc4+
1/2-1/2

[Event "V Open I Like Elo"]
[Site "Roma ITA"]
[Date "2009.10.14"]
[Round "4"]
[White "Di Mauro, Giuseppe"]
[Black "Di Dario, Dario"]
[Result "1/2-1/2"]
[WhiteElo "1953"]
[BlackElo "1713"]
[PlyCount "66"]
[EventDate "2009.09.16"]

1. c4 f5 2. Nf3 Nf6 3. d4 e6 4. g3 Be7 5. Bg2 O-O 6. O-O Qe8 7. Nc3 c6 8. Bg5
Qh5 9. Rc1 Na6 10. Re1 h6 11. Bxf6 Rxf6 12. e4 f4 13. e5 Rf8 14. d5 fxg3 15.
hxg3 Bc5 16. d6 Qg6 17. Ne4 Bb4 18. Re2 Nc5 19. Qc2 Nxe4 20. Rxe4 Bc5 21. Kf1
b6 22. Ke2 Ba6 23. Rh1 b5 24. b3 bxc4 25. bxc4 Rab8 26. Rb1 Rxb1 27. Qxb1 Bxc4+
28. Kd1 Bd5 29. Nh4 Qh5+ 30. Re2 Bxg2 31. Nxg2 Rxf2 32. Qb8+ Kh7 33. Nf4 Qf3
1/2-1/2

[Event "V Open I Like Elo"]
[Site "Roma ITA"]
[Date "2009.10.14"]
[Round "4"]
[White "Di Tucci, Benedetto"]
[Black "Di Giorgio, Daniele"]
[Result "1-0"]
[WhiteElo "1810"]
[BlackElo "1678"]
[PlyCount "71"]
[EventDate "2009.09.16"]

1. d4 f5 2. g3 Nf6 3. Bg2 e6 4. Nf3 Be7 5. O-O d5 6. e3 O-O 7. Nbd2 c6 8. c4 b6
9. b3 Bb7 10. Bb2 h6 11. Ne5 Qe8 12. cxd5 exd5 13. Rc1 c5 14. Qc2 Nfd7 15. Ndf3
Nxe5 16. Nxe5 Nd7 17. Qc3 Nf6 18. Qd3 g6 19. Rfd1 Rc8 20. Bh3 Ne4 21. f3 Ng5
22. Bg2 Kh7 23. dxc5 Bxc5 24. h4 Ne6 25. f4 Rd8 26. Qd2 Ba6 27. b4 Be7 28. Bxd5
Bb7 29. Qg2 Bxd5 30. Rxd5 Bxb4 31. Rxd8 Nxd8 32. Rc7+ Nf7 33. Qd5 Kg8 34. Kf2
Bc5 35. Rxa7 Qb5 36. Qb3 1-0

[Event "V Open I Like Elo"]
[Site "Roma ITA"]
[Date "2009.10.14"]
[Round "4"]
[White "Foschini, Andrea"]
[Black "Migliozzi, Giuseppe"]
[Result "1-0"]
[WhiteElo "1825"]
[BlackElo "1762"]
[PlyCount "91"]
[EventDate "2009.09.16"]

1. e4 d5 2. exd5 Qxd5 3. Nc3 Qa5 4. d4 Nf6 5. Bc4 Bf5 6. Bd2 c6 7. Nd5 Qd8 8.
Nxf6+ gxf6 9. Bf4 e6 10. Nf3 Bg4 11. c3 Bd6 12. Bg3 Qc7 13. Qd3 Bxg3 14. hxg3
h5 15. O-O-O Nd7 16. Qe3 Nb6 17. Bb3 Nd5 18. Bxd5 cxd5 19. Rd2 a5 20. Nh4 O-O-O
21. Qd3 e5 22. Re1 e4 23. Qe3 a4 24. Qf4 Qxf4 25. gxf4 Bd7 26. g3 Bg4 27. Ng2
Kc7 28. Ne3 Bf3 29. Nf5 Bg4 30. Nh4 b5 31. Rc2 Kd6 32. Kd2 Rc8 33. a3 Rc7 34.
Rh1 Re8 35. Rcc1 Rce7 36. Rce1 Kd7 37. Rh2 Kc6 38. Ke3 Kd7 39. Reh1 Bf3 40.
Nxf3 exf3+ 41. Kxf3 Re2 42. Rxh5 Kc6 43. Rh6 R8e6 44. f5 Re8 45. Rxf6+ Kb7 46.
Rxf7+ 1-0

[Event "V Open I Like Elo"]
[Site "Roma ITA"]
[Date "2009.10.14"]
[Round "4"]
[White "Giraldi, Alberto"]
[Black "Loffredi, Massimiliano"]
[Result "1-0"]
[WhiteElo "1512"]
[BlackElo "1374"]
[PlyCount "71"]
[EventDate "2009.09.16"]

1. d4 d5 2. c4 Nf6 3. Bg5 e6 4. Nc3 Bb4 5. e3 Bxc3+ 6. bxc3 O-O 7. Bd3 Nbd7 8.
Nf3 h6 9. Bh4 b6 10. cxd5 exd5 11. O-O Re8 12. Re1 c5 13. Qd2 Qc7 14. Bg3 Qc6
15. Rac1 c4 16. Bb1 b5 17. a3 a6 18. Ne5 Nxe5 19. Bxe5 Ng4 20. Bg3 Nf6 21. h3
Be6 22. f3 Qd7 23. e4 Qe7 24. e5 Nh5 25. Bh2 g6 26. Qxh6 Qxa3 27. Bxg6 fxg6 28.
Qxg6+ Ng7 29. Bf4 Ra7 30. Bh6 Qf8 31. Bxg7 Qxg7 32. Qxe8+ Kh7 33. Qxe6 a5 34.
Qxd5 Rb7 35. Qe4+ Kg8 36. e6 1-0

[Event "V Open I Like Elo"]
[Site "Roma ITA"]
[Date "2009.10.14"]
[Round "4"]
[White "Giuliani, Sante"]
[Black "Vannelli, Vittorio"]
[Result "1-0"]
[WhiteElo "1988"]
[BlackElo "1850"]
[PlyCount "71"]
[EventDate "2009.09.16"]

1. Nf3 Nf6 2. g3 d5 3. Bg2 Nc6 4. d3 e5 5. O-O Be7 6. Nbd2 O-O 7. e4 dxe4 8.
dxe4 h6 9. Qe2 Be6 10. c3 Nd7 11. Nc4 Qe8 12. b4 a6 13. Ne3 Rd8 14. Nd5 Nb6 15.
Nxb6 cxb6 16. a4 f6 17. Be3 Qf7 18. Nd2 Rd7 19. Bxb6 Rc8 20. Rac1 Nb8 21. b5
axb5 22. axb5 Bc5 23. Bxc5 Rxc5 24. Rc2 Rdc7 25. Rfc1 Nd7 26. Bf1 f5 27. c4 Nb6
28. exf5 Bxf5 29. Ne4 Qg6 30. Nxc5 Bxc2 31. Qxe5 Rf7 32. Qe8+ Rf8 33. Qxg6 Bxg6
34. Nxb7 Rc8 35. c5 Nd7 36. Bh3 1-0

[Event "V Open I Like Elo"]
[Site "Roma ITA"]
[Date "2009.10.14"]
[Round "4"]
[White "Marcon, Marco"]
[Black "Tognotti, Andrea"]
[Result "1-0"]
[WhiteElo "1449"]
[BlackElo "1616"]
[PlyCount "79"]
[EventDate "2009.09.16"]

1. d4 d5 2. c4 c6 3. Nc3 Nf6 4. Nf3 Nbd7 5. cxd5 cxd5 6. Bf4 a6 7. e3 b5 8. a3
Bb7 9. Be2 Nh5 10. O-O Nxf4 11. exf4 Nf6 12. Ne5 e6 13. f3 Bd6 14. Qd2 O-O 15.
Kh1 Rc8 16. Nd3 Qb6 17. Ne5 Rfd8 18. g4 b4 19. axb4 Bxb4 20. Qe3 Ne8 21. g5 Nd6
22. Bd3 Nc4 23. Bxc4 dxc4 24. Rad1 Bd6 25. Rf2 Bb8 26. h4 Bxe5 27. fxe5 Qb3 28.
Rfd2 Bc6 29. Kh2 Qb7 30. Kg3 a5 31. Ne4 Bxe4 32. Qxe4 Qb3 33. h5 a4 34. g6 fxg6
35. hxg6 h6 36. Qg4 Re8 37. d5 exd5 38. Rxd5 Qxb2 39. Qxc8 Qxe5+ 40. Rxe5 1-0

[Event "V Open I Like Elo"]
[Site "Roma ITA"]
[Date "2009.10.14"]
[Round "4"]
[White "Marini, Riccardo"]
[Black "Barbieri, Massimiliano"]
[Result "1-0"]
[WhiteElo "1727"]
[BlackElo "1612"]
[PlyCount "85"]
[EventDate "2009.09.16"]

1. d4 d5 2. Nf3 Nf6 3. e3 Bg4 4. c4 e6 5. Qb3 Bxf3 6. Qxb7 Bxg2 7. Bxg2 Nbd7 8.
Nc3 Rb8 9. Qc6 dxc4 10. Qxc4 Bb4 11. a3 Ba5 12. b4 Bb6 13. a4 a5 14. b5 O-O 15.
Ba3 Re8 16. Bc6 Ng4 17. Qe2 Ngf6 18. Rg1 Nd5 19. Qg4 g6 20. Nxd5 exd5 21. Bxd7
Re4 22. Qh3 Bxd4 23. Rd1 Bc3+ 24. Kf1 Rh4 25. Qg3 Rxa4 26. b6 Qxd7 27. bxc7 Rc8
28. Bd6 Rg4 29. Qxg4 f5 30. Qg3 Bb4 31. Bxb4 axb4 32. Rc1 b3 33. Qe5 d4 34.
Qxd4 Qb5+ 35. Qc4+ Qxc4+ 36. Rxc4 b2 37. Kg2 Kf7 38. Rb1 Ke7 39. Rxb2 Kd7 40.
Rd2+ Ke7 41. Rc6 g5 42. Rh6 Rh8 43. Rd8 1-0

[Event "V Open I Like Elo"]
[Site "Roma ITA"]
[Date "2009.10.14"]
[Round "4"]
[White "Mazza, Maurizio"]
[Black "Capitani, Roberto"]
[Result "1-0"]
[WhiteElo "1677"]
[BlackElo "1572"]
[PlyCount "53"]
[EventDate "2009.09.16"]

1. e4 c6 2. d4 d5 3. exd5 cxd5 4. Nc3 Be6 5. Bf4 Nf6 6. Nb5 Qa5+ 7. c3 Nc6 8.
Nc7+ Kd7 9. Nxa8 Nxd4 10. Qxd4 g6 11. Nc7 Bg7 12. Nxe6 Kxe6 13. Nf3 Nh5 14.
Ng5+ Kd7 15. Qd2 Nxf4 16. Qxf4 Bxc3+ 17. Kd1 Bxb2 18. Rb1 Bf6 19. Bb5+ Qxb5 20.
Rxb5 Kc6 21. Rb1 Rc8 22. Qa4+ Kd6 23. Nxf7+ Ke6 24. Nh6 Bc3 25. Rxb7 Rc4 26.
Qd7+ Kf6 27. Qxe7# 1-0

[Event "V Open I Like Elo"]
[Site "Roma ITA"]
[Date "2009.10.14"]
[Round "4"]
[White "Musmarra, Giovanni"]
[Black "Amato, Paolo"]
[Result "1-0"]
[WhiteElo "1738"]
[BlackElo "1314"]
[PlyCount "61"]
[EventDate "2009.09.16"]

1. e4 c5 2. Nf3 Nc6 3. d4 cxd4 4. Nxd4 e5 5. Nb5 a6 6. Nd6+ Bxd6 7. Qxd6 Qe7 8.
Qd1 b5 9. c4 h6 10. cxb5 axb5 11. Bxb5 Nd4 12. Bd3 Bb7 13. Nc3 Nf6 14. O-O Bc6
15. Be3 Qe6 16. f4 Ng4 17. f5 Nxe3 18. fxe6 Nxd1 19. exf7+ Kf8 20. Raxd1 Ra7
21. Bc4 Rc7 22. b3 g5 23. Rf6 Nc2 24. Rdd6 Bb7 25. Rxh6 Rxh6 26. Rxh6 Kg7 27.
Rb6 Bc8 28. Rb8 Kf8 29. Nd5 Rc6 30. Nb6 Rxc4 31. Nxc4 1-0

[Event "V Open I Like Elo"]
[Site "Roma ITA"]
[Date "2009.10.14"]
[Round "4"]
[White "Pala, Giorgio"]
[Black "Testa, Adriano"]
[Result "1-0"]
[WhiteElo "1982"]
[BlackElo "2160"]
[PlyCount "49"]
[EventDate "2009.09.16"]

1. e4 d5 2. exd5 Qxd5 3. Nf3 Nf6 4. d4 Bf5 5. Bd3 Bg4 6. Be2 e6 7. O-O c5 8. c4
Qd8 9. Be3 Nc6 10. dxc5 Qxd1 11. Rxd1 Ne4 12. Nc3 Nxc3 13. bxc3 Rd8 14. Rab1
Rxd1+ 15. Bxd1 Nd8 16. Ba4+ Ke7 17. Ne5 Bh5 18. g4 Bg6 19. Rd1 Nc6 20. Bg5+ f6
21. Rd7+ Ke8 22. Rxb7 fxg5 23. Bxc6+ Kd8 24. Rxa7 Kc8 25. Bd7+ 1-0

[Event "V Open I Like Elo"]
[Site "Roma ITA"]
[Date "2009.10.14"]
[Round "4"]
[White "Roberti, Bruno"]
[Black "Maggi, Fabrizio"]
[Result "1/2-1/2"]
[WhiteElo "1947"]
[BlackElo "2104"]
[PlyCount "93"]
[EventDate "2009.09.16"]

1. e4 e5 2. Nf3 Nc6 3. Bb5 Nf6 4. O-O Nxe4 5. Re1 Nd6 6. Nxe5 Be7 7. Bf1 Nxe5
8. Rxe5 O-O 9. d4 Bf6 10. Re1 Nf5 11. c3 d5 12. Bf4 a5 13. Nd2 a4 14. Nf3 Be6
15. Bd3 c6 16. Qc2 g6 17. Qd2 Ng7 18. Be5 Bf5 19. Bxf5 Nxf5 20. Qf4 Bxe5 21.
Rxe5 Ng7 22. Qh6 Ne6 23. Rae1 Qf6 24. h4 Qg7 25. Qe3 h5 26. Ng5 Nxg5 27. hxg5
b5 28. a3 Ra7 29. Re7 Rfa8 30. Rxa7 Rxa7 31. Qe8+ Qf8 32. Qxc6 Re7 33. Rxe7
Qxe7 34. Qxd5 Qe1+ 35. Kh2 Qxf2 36. Qxb5 Qh4+ 37. Kg1 Qe1+ 38. Qf1 Qe3+ 39. Qf2
Qxg5 40. c4 Qc1+ 41. Kh2 Qxc4 42. Qd2 Qd5 43. Qb4 Qg5 44. Qxa4 Qh4+ 45. Kg1
Qe1+ 46. Kh2 Qh4+ 47. Kg1 1/2-1/2

[Event "V Open I Like Elo"]
[Site "Roma ITA"]
[Date "2009.10.14"]
[Round "4"]
[White "Scagliarini, Bruno"]
[Black "Mammana, Angelo"]
[Result "1-0"]
[WhiteElo "1914"]
[BlackElo "1440"]
[PlyCount "61"]
[EventDate "2009.09.16"]

1. c4 Nf6 2. Nc3 d6 3. Nf3 Nbd7 4. g3 e5 5. Bg2 c6 6. O-O Be7 7. d4 O-O 8. Qc2
Qc7 9. b3 Re8 10. Bb2 b6 11. Rfd1 Bb7 12. Rac1 a5 13. Ng5 h6 14. Nge4 Nxe4 15.
Bxe4 Nf6 16. Bg2 Rad8 17. e3 exd4 18. Rxd4 c5 19. Nb5 Qb8 20. Rd2 Bxg2 21. Kxg2
Qb7+ 22. Kg1 d5 23. Bxf6 Bxf6 24. cxd5 Rxd5 25. Rxd5 Qxd5 26. Nc7 Qc6 27. Nxe8
Qxe8 28. Qd3 Qc6 29. a4 Qe6 30. Rd1 Kf8 31. Qd6+ 1-0

[Event "V Open I Like Elo"]
[Site "Roma ITA"]
[Date "2009.10.14"]
[Round "4"]
[White "Simeone, Giulio"]
[Black "Castillo, Juan"]
[Result "1-0"]
[WhiteElo "1979"]
[BlackElo "1724"]
[PlyCount "97"]
[EventDate "2009.09.16"]

1. c4 c5 2. e3 g6 3. d4 Bg7 4. Nf3 Nc6 5. Nc3 d6 6. Be2 Nf6 7. O-O O-O 8. d5
Nb8 9. e4 Ng4 10. Ne1 Ne5 11. f4 Ned7 12. Be3 f6 13. Nd3 Nb6 14. Qb3 N6d7 15.
Rf2 Na6 16. Raf1 Nc7 17. Qc2 a6 18. a4 Rb8 19. g4 b6 20. Bd1 Ne8 21. Rf3 Nc7
22. Qf2 Bb7 23. e5 fxe5 24. fxe5 Rxf3 25. Qxf3 Nxe5 26. Nxe5 Bxe5 27. Qf7+ Kh8
28. Bg5 Qe8 29. Bxe7 Qxf7 30. Rxf7 Kg8 31. Rf1 Re8 32. Bf6 Bc8 33. Kg2 Bd7 34.
Ne4 Bxb2 35. Nxd6 Rf8 36. Bxb2 Rxf1 37. Kxf1 b5 38. Ne4 Ne8 39. Nxc5 Bc8 40.
cxb5 axb5 41. axb5 Nc7 42. b6 Nxd5 43. Bb3 Kf8 44. Bxd5 Ke7 45. b7 Bxb7 46.
Bxb7 Kd6 47. Ne4+ Ke6 48. Ng5+ Kd6 49. Nxh7 1-0

[Event "V Open I Like Elo"]
[Site "Roma ITA"]
[Date "2009.10.14"]
[Round "4"]
[White "Sternini, Cristiano"]
[Black "Zacchia, Marco"]
[Result "1-0"]
[WhiteElo "1745"]
[BlackElo "1433"]
[PlyCount "27"]
[EventDate "2009.09.16"]

1. c4 c6 2. Nf3 d5 3. cxd5 cxd5 4. d4 Nf6 5. Nc3 a6 6. e3 e6 7. Qb3 Nc6 8. a3
Bd6 9. Bd2 O-O 10. Bd3 e5 11. Nxd5 Nxd5 12. Qxd5 Be6 13. Qe4 exd4 14. Qxh7# 1-0

[Event "V Open I Like Elo"]
[Site "Roma ITA"]
[Date "2009.10.14"]
[Round "4"]
[White "Tirri, Valerio"]
[Black "Bernardi, Giancarlo"]
[Result "1-0"]
[WhiteElo "1694"]
[BlackElo "1594"]
[PlyCount "73"]
[EventDate "2009.09.16"]

1. e4 e6 2. d4 d5 3. Nd2 Be7 4. Bd3 Nf6 5. e5 Nfd7 6. Ne2 c5 7. c3 Nc6 8. O-O
O-O 9. f4 Qb6 10. Nf3 cxd4 11. cxd4 f6 12. Kh1 Qd8 13. a3 Nb6 14. Qc2 f5 15.
Bd2 Bd7 16. g4 Rc8 17. Bc3 g6 18. Rg1 Na5 19. b3 Qe8 20. gxf5 exf5 21. Qb1 Nc6
22. h4 Kh8 23. Qf1 Rg8 24. Qh3 Qf7 25. Ng5 Bxg5 26. Rxg5 Nd8 27. Rag1 Ne6 28.
R5g3 Nxf4 29. Nxf4 Rxc3 30. h5 g5 31. Rxg5 Rxg5 32. Rxg5 Rc6 33. Ng6+ Rxg6 34.
hxg6 Qg7 35. Bxf5 Bxf5 36. Qxf5 hxg6 37. Rxg6 1-0

[Event "V Open I Like Elo"]
[Site "Roma ITA"]
[Date "2009.10.14"]
[Round "4"]
[White "Vanzan, Alessandro"]
[Black "Pipitone, Filippo Massimo"]
[Result "1-0"]
[WhiteElo "1775"]
[BlackElo "1465"]
[PlyCount "91"]
[EventDate "2009.09.16"]

1. c4 e5 2. Nc3 Nc6 3. Nf3 g6 4. g3 Bg7 5. Bg2 Nge7 6. O-O O-O 7. d3 f5 8. e3
d6 9. Rb1 h6 10. Bd2 g5 11. Qc1 Ng6 12. Nd5 Nce7 13. Ne1 c6 14. Nc3 Be6 15. b4
Rc8 16. Qa3 a6 17. b5 axb5 18. cxb5 Ra8 19. Qb2 e4 20. dxe4 Bc4 21. exf5 Rxf5
22. Be4 Rxb5 23. Qc2 Rxb1 24. Qxb1 Bxf1 25. Bxg6 Nxg6 26. Qxg6 Bc4 27. Ne4 Bf7
28. Qf5 Rxa2 29. Nf3 Bd5 30. Nfxg5 hxg5 31. Bc3 Bxc3 32. Nxc3 Ra1+ 33. Nb1 Qf8
34. Qxg5+ Qg7 35. Qd8+ Kh7 36. Qh4+ Qh6 37. Qe7+ Qg7 38. Qh4+ Kg6 39. Qg4+ Kf7
40. Qd7+ Kf6 41. Qxd6+ Kf5 42. e4+ Kxe4 43. Qf4+ Kd3 44. Qd2+ Kc4 45. Qc2+ Qc3
46. Qxc3+ 1-0

[Event "IX Festival Piemonte Scacchi"]
[Site "Torino ITA"]
[Date "2009.09.18"]
[Round "1"]
[White "Araniti, Michelangelo"]
[Black "Sorcinelli, Francesco"]
[Result "0-1"]
[WhiteElo "1792"]
[BlackElo "2187"]
[PlyCount "90"]
[EventDate "2009.09.18"]

1. Nf3 d6 2. e4 c5 3. d4 cxd4 4. Nxd4 Nf6 5. Bd3 g6 6. O-O Bg7 7. c3 O-O 8. h3
b6 9. Be3 Bb7 10. Nd2 Nbd7 11. Bc2 Rc8 12. f3 Qc7 13. N2b3 Ne5 14. Nd2 Ned7 15.
Rc1 d5 16. exd5 Nxd5 17. Bf2 Rfd8 18. Ne4 Nc5 19. Qe1 Ba6 20. Bg3 Nf4 21. Kh2
Bxf1 22. Qxf1 Nxe4 23. fxe4 e5 24. Nf3 Qc4 25. Qxc4 Rxc4 26. Bxf4 exf4 27. Re1
Rc5 28. Bb3 Be5 29. Kg1 Kg7 30. Kf2 f6 31. Re2 b5 32. Bd5 a5 33. Nd4 Bxd4+ 34.
cxd4 Rc1 35. Rd2 f5 36. b3 Rc3 37. Bb7 Rc7 38. Bd5 Rcd7 39. Kf3 fxe4+ 40. Bxe4
Rxd4 41. Re2 Rd2 42. a4 Rxe2 43. Kxe2 bxa4 44. bxa4 Rd4 45. Bc6 Kf6 0-1

[Event "IX Festival Piemonte Scacchi"]
[Site "Torino ITA"]
[Date "2009.09.18"]
[Round "1"]
[White "Boetto, Massimo"]
[Black "Giacone, Maurizio"]
[Result "1/2-1/2"]
[WhiteElo "2015"]
[BlackElo "1653"]
[PlyCount "93"]
[EventDate "2009.09.18"]

1. e4 d5 2. exd5 Qxd5 3. Nc3 Qa5 4. Nf3 Bg4 5. Be2 e6 6. d3 c6 7. Bd2 Qc7 8.
O-O Nf6 9. Nd4 Bxe2 10. Qxe2 Nbd7 11. Ne4 Nxe4 12. dxe4 Be7 13. c4 Rd8 14. Bc3
Bf6 15. Rad1 a6 16. Qc2 c5 17. Ne2 Bxc3 18. Qxc3 O-O 19. f4 f6 20. Qh3 Rfe8 21.
Rd3 Nf8 22. Rfd1 Rxd3 23. Qxd3 Re7 24. Qd6 Qxd6 25. Rxd6 Rd7 26. Rb6 Kf7 27.
Kf2 Ke7 28. Ke3 Kd8 29. a4 Kc7 30. a5 Rd6 31. Rb3 Nd7 32. g4 e5 33. f5 Nb8 34.
Nc3 Nc6 35. Nd5+ Kc8 36. Ra3 Kb8 37. h4 h6 38. g5 hxg5 39. hxg5 fxg5 40. Kf3
Rh6 41. Kg4 Rh4+ 42. Kxg5 Rxe4 43. Ne3 Ne7 44. Rd3 Rd4 45. Rc3 Re4 46. Rd3 Rd4
47. Rc3 1/2-1/2

[Event "IX Festival Piemonte Scacchi"]
[Site "Torino ITA"]
[Date "2009.09.18"]
[Round "1"]
[White "Castaldo, Folco"]
[Black "Blundo, Michele"]
[Result "1-0"]
[WhiteElo "2401"]
[BlackElo "1810"]
[PlyCount "67"]
[EventDate "2009.09.18"]

1. e4 c5 2. f4 d6 3. Nf3 Nc6 4. Nc3 e6 5. Bb5 Bd7 6. O-O Be7 7. d3 a6 8. Bxc6
Bxc6 9. Ng5 Bxg5 10. fxg5 Ne7 11. Qh5 Ng6 12. Be3 Qd7 13. a3 b6 14. Rf2 d5 15.
d4 c4 16. e5 O-O-O 17. Raf1 Rdf8 18. b3 b5 19. Ne2 Qe7 20. a4 b4 21. Qg4 c3 22.
Nc1 Qc7 23. Nd3 a5 24. Nc5 Qe7 25. h4 h5 26. gxh6 gxh6 27. h5 Nh4 28. Qe2 Nf5
29. Rxf5 exf5 30. Rxf5 Rfg8 31. Rf6 Qc7 32. Qa6+ Bb7 33. Nxb7 Qxb7 34. Rc6+ 1-0

[Event "IX Festival Piemonte Scacchi"]
[Site "Torino ITA"]
[Date "2009.09.18"]
[Round "1"]
[White "Chiarion, Elisa"]
[Black "Flego, Dario"]
[Result "0-1"]
[WhiteElo "1928"]
[BlackElo "1595"]
[PlyCount "62"]
[EventDate "2009.09.18"]

1. e4 d5 2. exd5 Qxd5 3. Nc3 Qa5 4. d4 Nf6 5. Bc4 c6 6. Nf3 Bf5 7. Bd2 e6 8.
Qe2 Nbd7 9. O-O-O Bb4 10. d5 cxd5 11. Nxd5 Bxd2+ 12. Rxd2 O-O 13. Nf4 Rac8 14.
Nd4 Nb6 15. Bb3 Rfe8 16. f3 h6 17. g4 Bh7 18. Qg2 Nc4 19. Bxc4 Rxc4 20. Kb1
Rec8 21. h4 Qe5 22. Nfe2 Nd5 23. Qg3 Qe3 24. Qe1 Nb4 25. Qd1 Kh8 26. Re1 Qe5
27. Nc3 Qa5 28. a3 Rxd4 29. axb4 Rxb4 30. Ne4 Ra4 31. c3 Ra1+ 0-1

[Event "IX Festival Piemonte Scacchi"]
[Site "Torino ITA"]
[Date "2009.09.18"]
[Round "1"]
[White "Davter, Mauro"]
[Black "Cocuzzi, Edoardo"]
[Result "1/2-1/2"]
[WhiteElo "1611"]
[BlackElo "1967"]
[PlyCount "111"]
[EventDate "2009.09.18"]

1. Nf3 d5 2. d4 Nf6 3. c4 e6 4. g3 c6 5. Bg2 Nbd7 6. Qc2 Bd6 7. O-O O-O 8. b3
e5 9. dxe5 Nxe5 10. Nbd2 Nxf3+ 11. Nxf3 dxc4 12. Qxc4 Be6 13. Qc2 Be7 14. Rd1
Bf5 15. Rxd8 Bxc2 16. Rxa8 Rxa8 17. Nd4 Bg6 18. Bb2 Rd8 19. Rc1 a6 20. h3 c5
21. Nf3 b6 22. Ne5 Rd2 23. Nc4 Rxe2 24. Bf1 Re6 25. Rd1 b5 26. Ne3 Kf8 27. Bg2
Ne4 28. Ng4 Bh5 29. Rd5 Bxg4 30. hxg4 Nf6 31. Bxf6 Rxf6 32. f4 Rd6 33. Kf2 Rxd5
34. Bxd5 f6 35. f5 Bd6 36. Kf3 Ke7 37. Be6 a5 38. Ke4 Kd8 39. Kd5 Ke7 40. Kc6
b4 41. Bg8 g5 42. Bc4 Bxg3 43. Kxc5 Bf2+ 44. Kd5 Kf7 45. Ke4+ Kg7 46. Kf3 Bb6
47. Be6 Kf8 48. Ke4 Ke7 49. Bc4 Kd6 50. Be6 Kc5 51. Bc4 a4 52. Bg8 axb3 53.
axb3 h6 54. Bc4 Bc7 55. Be2 Bf4 56. Bf3 1/2-1/2

[Event "IX Festival Piemonte Scacchi"]
[Site "Torino ITA"]
[Date "2009.09.18"]
[Round "1"]
[White "De Renzi, Giuseppe"]
[Black "Malano, Francesco"]
[Result "0-1"]
[WhiteElo "1491"]
[BlackElo "1894"]
[PlyCount "88"]
[EventDate "2009.09.18"]

1. Nf3 d5 2. d4 c6 3. e3 Bf5 4. c4 e6 5. Qb3 Qb6 6. Qxb6 axb6 7. Nc3 Nf6 8.
cxd5 exd5 9. Be2 Nbd7 10. O-O Bd6 11. b3 h6 12. Bb2 O-O 13. a4 Rfe8 14. Ba3
Bxa3 15. Rxa3 b5 16. Raa1 bxa4 17. bxa4 Ra7 18. Ra2 Rea8 19. Rfa1 Ne4 20. Nxe4
Bxe4 21. Nd2 Bf5 22. f3 Nf6 23. Nb3 Nd7 24. a5 Kf8 25. a6 b6 26. Rc1 Nb8 27.
Rca1 Bc8 28. Rb2 Ke7 29. Bd3 Kd6 30. Rab1 Bxa6 31. Bxa6 Rxa6 32. Nd2 Nd7 33. e4
f6 34. f4 dxe4 35. Nxe4+ Kc7 36. Ng3 h5 37. Nf5 g6 38. Ne3 Ra1 39. f5 Rxb1+ 40.
Rxb1 g5 41. Rb2 Ra3 42. Kf2 b5 43. Rc2 Kd6 44. Rd2 Nb6 0-1

[Event "IX Festival Piemonte Scacchi"]
[Site "Torino ITA"]
[Date "2009.09.18"]
[Round "1"]
[White "Di Chiara, Mauro"]
[Black "Christen, Peter Walter"]
[Result "1-0"]
[WhiteElo "1862"]
[BlackElo "1420"]
[PlyCount "43"]
[EventDate "2009.09.18"]

1. Nf3 e6 2. d4 d5 3. c4 Nf6 4. Nc3 c6 5. e3 Bb4 6. Qc2 Nbd7 7. Bd3 dxc4 8.
Bxc4 Ne4 9. Qxe4 Nf6 10. Qc2 Bd7 11. O-O O-O 12. e4 h6 13. Bf4 Nh7 14. a3 Be7
15. d5 exd5 16. exd5 Rc8 17. d6 Bg5 18. Nxg5 Nxg5 19. Rfe1 Qf6 20. Be5 Qd8 21.
Qg6 Ne6 22. Bxe6 1-0

[Event "IX Festival Piemonte Scacchi"]
[Site "Torino ITA"]
[Date "2009.09.18"]
[Round "1"]
[White "Faraoni, Enrico"]
[Black "D'Amato, Piergiorgio"]
[Result "1-0"]
[WhiteElo "2088"]
[BlackElo "1924"]
[PlyCount "91"]
[EventDate "2009.09.18"]

1. g4 d5 2. Bg2 c6 3. h3 e5 4. d4 e4 5. c4 Be6 6. Nc3 Bb4 7. Qb3 Qe7 8. a3 Ba5
9. cxd5 Bxc3+ 10. bxc3 cxd5 11. a4 Nc6 12. Rb1 b6 13. Qb5 Qd7 14. f3 exf3 15.
Nxf3 Nf6 16. Ba3 Ne4 17. Qd3 Rc8 18. O-O Na5 19. Ne5 Qxa4 20. Bxe4 dxe4 21.
Qxe4 Qxa3 22. Nxf7 Qe7 23. Nxh8 Bc4 24. Qxh7 Rc6 25. Qf5 Be6 26. Ng6 Bxf5 27.
Nxe7 Kxe7 28. Rxf5 Rxc3 29. Re5+ Kd6 30. Rg5 Rxh3 31. Rxg7 Nc6 32. g5 Nxd4 33.
Rxa7 Rg3+ 34. Kf2 Rxg5 35. Rxb6+ Nc6 36. Raa6 Rc5 37. Kf3 Kc7 38. Rxc6+ Rxc6
39. Rxc6+ Kxc6 40. Ke4 Kd7 41. Ke5 Ke7 42. e4 Kd7 43. Kf6 Ke8 44. e5 Kf8 45. e6
Ke8 46. e7 1-0

[Event "IX Festival Piemonte Scacchi"]
[Site "Torino ITA"]
[Date "2009.09.18"]
[Round "1"]
[White "Fassero, Fabrizio"]
[Black "Giacomasso, Enrico"]
[Result "1/2-1/2"]
[WhiteElo "1635"]
[BlackElo "2012"]
[PlyCount "41"]
[EventDate "2009.09.18"]

1. e4 c5 2. Nc3 Nc6 3. f4 d6 4. Nf3 Nf6 5. g3 Bg4 6. Bg2 e5 7. d3 Be7 8. O-O
O-O 9. h3 Bxf3 10. Bxf3 Nd4 11. Be3 Rc8 12. Nd5 Nxd5 13. exd5 Nf5 14. Qe1 Bf6
15. Rb1 exf4 16. Bxf4 Re8 17. Be4 c4 18. Qb4 Bd4+ 19. Kh2 Bc5 20. Qd2 Nd4 21.
Bg5 1/2-1/2

[Event "IX Festival Piemonte Scacchi"]
[Site "Torino ITA"]
[Date "2009.09.18"]
[Round "1"]
[White "Fassio, Francesco"]
[Black "Manni, Stefano"]
[Result "1-0"]
[WhiteElo "1624"]
[BlackElo "1980"]
[PlyCount "64"]
[EventDate "2009.09.18"]

1. c4 c5 2. Nc3 Nc6 3. g3 g6 4. Bg2 Bg7 5. Nf3 e5 6. d3 Nge7 7. O-O d6 8. Rb1
O-O 9. a3 a5 10. Nb5 d5 11. b3 a4 12. Nd2 axb3 13. cxd5 Nxd5 14. Bxd5 Qxd5 15.
Nc7 Qd8 16. Nxa8 Bh3 17. Re1 Qxa8 18. Qxb3 Nd4 19. Qxb7 Qa4 20. Rb6 Nxe2+ 21.
Kh1 Nxc1 22. Rxc1 Bh6 23. Ra6 Qg4 24. f3 Qd4 25. Nb3 Qf2 26. f4 exf4 27. Rf6
Qb2 28. Rg1 Qxf6 29. Nxc5 f3 30. Ne4 Bg2+ 31. Rxg2 fxg2+ 32. Kxg2 Qc3 1-0